Statistiques concernant 📖 150 premiers mots "Soif" Amélie Nothomb

Cliquez ici pour prendre le quiz!

Statistiques générales

  • Ce quiz a Ă©tĂ© pris 17 fois
  • Le rĂ©sultat moyen est 97 sur 150

Statistiques - réponses

Mots% Correct
Ă  ...
100%
Ă 
100%
A
100%
a
100%
ai
100%
c'
100%
Cana,
100%
de
100%
des
100%
eau
100%
en
100%
est
100%
et
100%
il
100%
Il
100%
j'
100%
J'
100%
l'
100%
L'
100%
la
100%
le
100%
Le
100%
Les
100%
les
100%
me
100%
n'
100%
pas
100%
que
100%
une
100%
au
93%
ce
93%
je
93%
Je
93%
qui
93%
su
93%
toujours
93%
avec
86%
mais
86%
mon
86%
pour
86%
don.
79%
eu
79%
fin
79%
mes
79%
on
79%
son
79%
avais
71%
- Cet
71%
comme
64%
homme
64%
vu
64%
cette
57%
cru
57%
cru.
57%
noces
57%
grand
50%
ont
50%
pouvoir
50%
pris
50%
quand
50%
yeux
50%
changer
43%
vin,
43%
après
36%
été
36%
rien
36%
attendu
29%
autres.
29%
droit
29%
notre
21%
peux
21%
certitude,
14%
jeu.
14%
mariés
14%
pensais
14%
place
14%
uns
14%
vite
14%
arriver
7%
déclaré
7%
Ă©poux
7%
exercer
7%
imaginée,
7%
mort.
7%
premiers
7%
serait
7%
sérieux.
7%
accorder
0%
angoisse
0%
attention
0%
avantage
0%
charge
0%
condamnerait
0%
défilé
0%
détails.
0%
effet,
0%
expédiée
0%
formalité
0%
hasard.
0%
justice.
0%
laissé
0%
mérite :
0%
miraculés.
0%
NĂ©anmoins,
0%
parodie
0%
plaisir
0%
procès
0%
procureur
0%
témoins
0%

Distribution des résultats

Percentile par nombre de réponses

% des personnes avec chaque résultat

Votre développement - résultats

Vous n’avez pas pris ce quiz